000 00225nam a22000857a 4500
008 160917b xxu||||| |||| 00| 0 eng d
100 _9630
_aNagaraj.G.
245 _aGrammer Express-2
260 _aNew Delhi
_bFrank. Publications
_c2012
999 _c3289
_d3289